Compendio Fiscal 2013 Tomo I

Bibliographic Details
Main Author: Přez Chavez, Jos ̌
Other Authors: Fol Olguin, Raymundo
Format: eBook
Language:Spanish
Published: Mx̌ico D.F. : Tax Editores, 2013
Online Access:http://www.vlex.com/source/11029

MARC

LEADER 00000nam a22000007a 4500
005 20130425175152.0
007 cr|||| ||||
008 130425e2013 mx |||||s|||| 00||0 spa d
020 |a 978-607-440-501-9 
035 |a 11029 
040 |a vLex 
090 |c 4173  |d 4173 
100 1 0 |a Přez Chavez, Jos ̌ 
245 1 0 |a Compendio Fiscal 2013  |b Tomo I  |c / Jos ̌Přez Chavez, Raymundo Fol Olguin   |h [Recurso electrn̤ico] 
256 |a Servicio en ln̕ea 
260 |a Mx̌ico D.F. :   |b Tax Editores,   |c 2013 
300 |a 1 Recurso electrn̤ico 
700 1 0 |a Fol Olguin, Raymundo  
740 |a vLex Libros (Servicio en ln̕ea) 
856 |a Acceso restringido  |u http://www.vlex.com/source/11029 
942 |c BOOK 
999 0 |a Taxation